000 00681nam a2200205Ia 4500
999 _c36280
_d36280
001 2187
003 GE_BSU
005 20190514212324.0
008 181216s1965||||ge |||||||||||||| ||geo||
040 _cGE_BSU
041 _ageo
080 _a811.353.1(038)+811.161.1(038) მ–82
100 _aკანკავა, მ.
_91169
245 _aმოკლე ქართულ–რუსული ლექსიკონი /
_cშემდგ. მ. ბ. კანკავა
264 _aთბილისი :
_bგანათლება,
_c1965.
300 _a439 გვ.
_b16 სმ.
541 _h12ლ.
653 _aლექსიკონი
942 _cBK
_2udc